01348cam a2200313 a 4500999001700000001000800017005001700025008004100042010001700083015001500100020001500115035002000130050002200150100002200172245010900194260008400303300004600387500014400433504006400577600004300641600005900684650004000743700003000783700002300813700001900836710002300855942003400878952012200912 c20644d20644496623020170120111910.0970930s1998 ctua bc 001 0 eng d a 97080502  aGB98-20795 a0300074972 a(OCoLC)3851820000aN6853 .D33A4 19981 aKendall, Richard.10aDegas and The Little Dancer /cRichard Kendall with contributions by Douglas W. Druick and Arthur Beale. aNew Haven :bYale University Press ;aOmaha, Neb. :bJoslyn Art Museum,cc1998. avii, 192 p. :bill. (some col.) ;c28 cm. a"Published in conjunction with the exhibition Degas and the Little Dancer, organized and circulated by Joslyn Art Museum ... "--T.p. verso. aIncludes bibliographical references (p. 177-188) and index.10aDegas, Edgar,d1834-1917xExhibitions.14aDegas, Edgar,d1834-1917.tLittle dancerxExhibitions. 0aBallet dancing in artxExhibitions.1 aDegas, Edgar,d1834-1917.1 aDruick, Douglas W.1 aBeale, Arthur.2 aJoslyn Art Museum. 2lcccBOOKShN6853 .D33A4 1998 00102lcc4070aMUCbMUCcGENd2017-01-20eDonation(BFA)l0oN6853 .D33A4 1998p30991r2017-01-20w2017-01-20yBOOKS